Normal view
MARC view
- Dr. Abdul Qudoos, Lt Col
Entry Personal Name
001 - CONTROL NUMBER
- control field: 48346
003 - CONTROL NUMBER IDENTIFIER
- control field: NUST
005 - DATE AND TIME OF LATEST TRANSACTION
- control field: 20210314134032.0
008 - FIXED-LENGTH DATA ELEMENTS
- fixed length control field: 210314|| aca||aabn | a|a d
040 ## - CATALOGING SOURCE
- Original cataloging agency: NUST
- Transcribing agency: NUST
100 ## - HEADING--PERSONAL NAME
- Personal name: Dr. Abdul Qudoos, Lt Col
670 ## - SOURCE DATA FOUND
- Source citation: Work cat.: (NUST): Muhammad Tariq Khan 48258, Evaluation of collapse potential of Risalpur soil/, c2012
